000 02463nam0a2200361 4500
001 RU\NLR\BIBL_A\022207770
005 20240704115127.0
010 _a978-5-7267-1308-3
_9500
021 _aRU
_bКН-П-24-014900
_9КН-П-24-1571
035 _a(NLR Aleph) 022207770
090 _a13064004
_c13064004
100 _a20240425d2023 k y0rusy50 ca
101 0 _arus
102 _aRU
105 _aa z 000yy
181 0 _ai
_baxxe
182 0 _an
200 1 _aПовышение устойчивости и управляемости машинно-тракторного агрегата при криволинейном движении
_eмонография
_fА. Н. Беляев, В. И. Оробинский, Т. В. Тришина
_gМинистерство сельского хозяйства Российской Федерации, Федеральное государственное бюджетное образовательное учреждение высшего образования "Воронежский государственный аграрный университет имени императора Петра I"
203 _aТекст
_bвизуальный
_cнепосредственный
210 _aВоронеж
_cФедеральное государственное бюджетное образовательное учреждение высшего образования "Воронежский государственный аграрный университет имени императора Петра I"
_d2023
215 _a157 с.
_cил., табл.
_d21
320 _aБиблиогр.: с.141-157 (170 назв.)
606 1 _aМашинно-тракторные агрегаты
_xУправляемость
_92280438
_3RU\NLR\AUTH\6601594582
606 1 _aМашинно-тракторные агрегаты
_xУстойчивость
_91561412
_3RU\NLR\AUTH\66682978
686 1 _aП072-082.02
686 1 _aП072.1-042.2
700 1 _7ca
_8rus
_aБеляев
_bА. Н.
_cканд. техн. наук, с.-х. машины
_f1963-
_gАлександр Николаевич
_977254
_3RU\NLR\auth\7794328
701 1 _aОробинский
_bВ. И.
_gВладимир Иванович
701 1 _aТришина
_bТ. В.
_gТатьяна Владимировна
942 _cBOOK
980 _aNB